01002nam a22001817a 45000010005000000030006000050050017000110080041000280200018000690400029000870820010001161000026001262450088001522600036002403000048002765200452003246500044007768695FISKH20251010154257.0251010b cb ||||| |||| 00| 0 eng d a9780764193477 aFISKHbengcFISKHdFISKH a372.6 aLudewig, Lizabeth L.  a144 words your child will spell by the End of grade 2 /cLizabeth L. Ludewig, M.Ed. aNew York : bBarron's, c2008.  a159 pages : bcolor illustrations ; c28 cm aThis book helps children in early elementary grades develop strong spelling and reading foundations. It introduces 144 essential sight and spelling words appropriate for Grade 2, with fun activities and games designed to improve word recognition, pronunciation, and vocabulary. The accompanying CD-ROM (included in some editions) provides interactive spelling exercises to reinforce learning. The book supports both classroom and at-home learning. aSpellingvEarly LiteracyyLanguage Arts